Fortalecimiento de la gestión de las madres comunitarias

Los hogares comunitarios son un espacio que puede generar proyectos de impacto positivo en la solución de los problemas de los habitantes de barrio, donde las madres comunitarias sean lideres capaces de gestionar proyectos dentro de la comunidad.

Gardado en:
Detalles Bibliográficos
Autor Principal: Fierro, Marta Inés
Outros autores: Osorio Correa, Esperanza
Formato: Libro
Idioma:Spanish
Publicado: Bogotá: Funlibre, [2000?]
Series:Colección tiempo libre y recreación; No. 11
Subjects:
Acceso en liña:Enlace del recurso
Tags: Engadir etiqueta
Sen Etiquetas, Sexa o primeiro en etiquetar este rexistro!

MARC

LEADER 00000nam a2200000 a 4500
001 001093
008 030604q2000 ck a fr# #000|0#spa#d
041 0 |a spa 
043 |a s-ck--- 
082 0 4 |a 362.732  |b F326f 
100 1 |a Fierro, Marta Inés 
245 1 0 |a Fortalecimiento de la gestión de las madres comunitarias   |c Marta Inés Fierro; Esperanza Osorio Correa 
260 |a Bogotá:  |b Funlibre,  |c [2000?] 
300 |a 155 p.:  |b il., gráf., tabl. 
440 0 |a Colección tiempo libre y recreación;  |v No. 11 
520 3 |a Los hogares comunitarios son un espacio que puede generar proyectos de impacto positivo en la solución de los problemas de los habitantes de barrio, donde las madres comunitarias sean lideres capaces de gestionar proyectos dentro de la comunidad. 
650 1 4 |a TRABAJO SOCIAL CON MADRES  |z COLOMBIA 
650 1 4 |a HOGARES COMUNITARIOS 
700 1 |a Osorio Correa, Esperanza 
999 |c 3245  |d 3245 
856 |u https://catalogo.idep.edu.co/cgi-bin/koha/opac-detail.pl?biblionumber=3245  |z Enlace del recurso